[Event "Mittelfrank Regionalliga Nord-Ost 2223"]
[Site "Mittelfranken"]
[Date "2023.04.23"]
[Round "9.6"]
[White "Born, Reiner"]
[Black "Borisov, Ivaylo"]
[Result "1-0"]
[WhiteElo "1948"]
[BlackElo "1703"]
[PlyCount "59"]
[EventDate "2022.10.09"]
[EventType "team-tourn"]
[EventRounds "9"]
[EventCountry "GER"]
[SourceTitle "EXT 2024"]
[Source "ChessBase"]
[SourceDate "2023.10.10"]
[SourceVersion "1"]
[SourceVersionDate "2023.10.10"]
[SourceQuality "1"]
[WhiteTeam "Regensburg Bavaria II"]
[BlackTeam "Forchheim SC"]
[WhiteTeamCountry "GER"]
[BlackTeamCountry "GER"]

1. d4 d5 2. Nc3 c5 3. Bf4 g5 4. Be5 f6 5. Bxb8 Rxb8 6. dxc5 d4 7. e3 Bf5 8. Bb5+ Kf7 9. exd4 e5 10. Nge2 h5 11. b4 b6 12. a3 bxc5 13. dxc5 Ne7 14. Bc4+ Kg7 15. Qxd8 Rxd8 16. Rd1 Rxd1+ 17. Kxd1 Nc6 18. Bb5 Nd4 19. Nxd4 exd4 20. Ne2 Be7 21. Nxd4 Rd8 22. c3 Be4 23. f3 Bd5 24. Kc1 Kf7 25. Re1 Bf8 26. c6 Bd6 27. c4 Be5 28. cxd5 Bxd4 29. c7 Rc8 30. d6 1-0

[Event "Mittelfrank Regionalliga Nord-Ost 2223"]
[Site "Mittelfranken"]
[Date "2023.02.05"]
[Round "6.7"]
[White "Rhein, Thomas"]
[Black "Born, Reiner"]
[Result "1/2-1/2"]
[WhiteElo "1826"]
[BlackElo "1948"]
[PlyCount "75"]
[EventDate "2022.10.09"]
[EventType "team-tourn"]
[EventRounds "9"]
[EventCountry "GER"]
[SourceTitle "EXT 2024"]
[Source "ChessBase"]
[SourceDate "2023.10.10"]
[SourceVersion "1"]
[SourceVersionDate "2023.10.10"]
[SourceQuality "1"]
[WhiteTeam "Nuernberg Sued SW"]
[BlackTeam "Regensburg Bavaria II"]
[WhiteTeamCountry "GER"]
[BlackTeamCountry "GER"]

1. d4 e6 2. c4 f5 3. Nf3 Nf6 4. Nc3 Bb4 5. Qb3 Bxc3+ 6. Qxc3 0-0 7. g3 b6 8. Bg2 Bb7 9. 0-0 Qe7 10. Bg5 d6 11. Nd2 Bxg2 12. Kxg2 Nbd7 13. e4 fxe4 14. Nxe4 h6 15. Bxf6 Nxf6 16. Rae1 c5 17. Kg1 cxd4 18. Qxd4 Rad8 19. f4 Rfe8 20. Rd1 Nxe4 21. Qxe4 d5 22. cxd5 Qc5+ 23. Qd4 Rxd5 24. Qxc5 bxc5 25. Rde1 Kf7 26. Re2 Kf6 27. Rc1 Red8 28. Kf2 h5 29. h4 Kf5 30. Rce1 Rd2 31. Kf1 Kg4 32. Rxe6 Rxb2 33. Rg6+ Kf3 34. Rge6 Rf2+ 35. Kg1 Rg2+ 36. Kf1 Rf2+ 37. Kg1 Rg2+ 38. Kf1 1/2-1/2

[Event "Regionalliga NO 1516"]
[Site "Bayern"]
[Date "2016.03.13"]
[Round "8.8"]
[White "Born, Reiner"]
[Black "Irrgang, Klaus"]
[Result "1-0"]
[WhiteElo "1949"]
[BlackElo "1710"]
[PlyCount "141"]
[EventDate "2015.10.11"]
[EventType "team-tourn"]
[EventRounds "9"]
[EventCountry "GER"]
[SourceTitle "EXT 2018"]
[Source "ChessBase"]
[SourceDate "2017.10.13"]
[SourceVersion "1"]
[SourceVersionDate "2017.10.13"]
[SourceQuality "1"]
[WhiteTeam "Regensburg Bavaria"]
[BlackTeam "Regensburg Turnerschaft"]
[WhiteTeamCountry "GER"]
[BlackTeamCountry "GER"]

1. d4 Nf6 2. Nf3 d5 3. e3 Bg4 4. h3 Bh5 5. g4 Bg6 6. Ne5 Nbd7 7. h4 h5 8. Nxg6 fxg6 9. Bd3 Nb6 10. Bxg6+ Kd7 11. g5 Ne8 12. Bxh5 Kc8 13. Nc3 e6 14. Qg4 Qd7 15. Bxe8 Qxe8 16. Bd2 g6 17. e4 Kb8 18. 0-0-0 Bb4 19. exd5 exd5 20. Rde1 Qf8 21. Re2 a6 22. Qf4 Qc8 23. Qf6 Ka7 24. Qe6 Qf8 25. Qg4 Nc4 26. Nb1 Bd6 27. Rh3 Nxd2 28. Nxd2 Re8 29. Rxe8 Qxe8 30. Re3 Qf8 31. Rf3 Qe7 32. Kd1 Rf8 33. Rxf8 Qxf8 34. Qf3 Qh8 35. Qg4 Qf8 36. Nf3 Qf7 37. c3 Qe8 38. b3 Qb5 39. Nd2 Qa5 40. Qf3 Qxa2 41. h5 gxh5 42. g6 Qa1+ 43. Ke2 Qg1 44. Qxh5 Bf4 45. Qf5 Bh6 46. Nf3 Qc1 47. Qd3 Qb2+ 48. Nd2 Qc1 49. c4 dxc4 50. Nxc4 Qf4 51. Ne3 Bg7 52. d5 Qe5 53. Qf5 Qb2+ 54. Qc2 Qe5 55. Kf1 Qh5 56. Qe4 Qh6 57. Qf5 Qh1+ 58. Ke2 Qa1 59. Qc2 Qe5 60. Qc5+ Kb8 61. Qc4 Qb2+ 62. Qc2 Qe5 63. Qc4 Qb2+ 64. Kf3 Qf6+ 65. Qf4 Qxg6 66. Qf5 Qb6 67. Qe6 Qd4 68. Nf5 Qd3+ 69. Kg2 Bb2 70. d6 cxd6 71. Nxd6 1-0

[Event "Regionalliga NO 1415"]
[Site "Bayern"]
[Date "2015.03.15"]
[Round "8.6"]
[White "Born, Reiner"]
[Black "Luther, Helmut"]
[Result "1/2-1/2"]
[WhiteElo "1949"]
[BlackElo "1946"]
[PlyCount "48"]
[EventDate "2014.10.19"]
[EventType "team-tourn"]
[EventRounds "9"]
[EventCountry "GER"]
[SourceTitle "EXT 2018"]
[Source "ChessBase"]
[SourceDate "2017.10.13"]
[SourceVersion "1"]
[SourceVersionDate "2017.10.13"]
[SourceQuality "1"]
[WhiteTeam "Regensburg Bavaria"]
[BlackTeam "Nuernberg Sued SW II"]
[WhiteTeamCountry "GER"]
[BlackTeamCountry "GER"]

1. d4 d5 2. Nf3 Nf6 3. e3 g6 4. Bd3 Bg7 5. b3 c5 6. Bb2 cxd4 7. exd4 Nc6 8. a3 0-0 9. 0-0 Qc7 10. Re1 Bg4 11. h3 Bxf3 12. Qxf3 e6 13. Nd2 Rac8 14. Qe3 Nh5 15. Nf3 Qf4 16. g3 Qxe3 17. Rxe3 a6 18. Ne5 Nf6 19. Nxc6 Rxc6 20. c4 Ra8 21. c5 Nd7 22. b4 Rcc8 23. Re2 Nb8 24. Rd1 Nc6 1/2-1/2

[Event "Regionalliga NO 1415"]
[Site "Bayern"]
[Date "2015.02.01"]
[Round "6.6"]
[White "Born, Reiner"]
[Black "Killmann, Martin"]
[Result "1-0"]
[WhiteElo "1949"]
[BlackElo "1933"]
[PlyCount "55"]
[EventDate "2014.10.19"]
[EventType "team-tourn"]
[EventRounds "9"]
[EventCountry "GER"]
[SourceTitle "EXT 2018"]
[Source "ChessBase"]
[SourceDate "2017.10.13"]
[SourceVersion "1"]
[SourceVersionDate "2017.10.13"]
[SourceQuality "1"]
[WhiteTeam "Regensburg Bavaria"]
[BlackTeam "Forchheim II"]
[WhiteTeamCountry "GER"]
[BlackTeamCountry "GER"]

1. d4 d5 2. Nf3 Nf6 3. e3 Bf5 4. c4 c6 5. Nc3 e6 6. Qb3 Qc7 7. Ne5 Nbd7 8. f4 Be7 9. Be2 dxc4 10. Bxc4 Nb6 11. Be2 h5 12. 0-0 Nbd5 13. Bf3 Nxc3 14. bxc3 Ne4 15. Rd1 Rc8 16. Ba3 b6 17. Bxe7 Qxe7 18. c4 Qh4 19. Qb2 Qd8 20. Rac1 g5 21. d5 Qf6 22. d6 0-0 23. Bxe4 Bxe4 24. Qd4 Bxg2 25. Kxg2 gxf4 26. Qxf4 Kg7 27. Qxf6+ Kxf6 28. Nd7+ 1-0

[Event "Regionalliga NO 1415"]
[Site "Bayern"]
[Date "2014.11.23"]
[Round "3.4"]
[White "Holzer, Johann"]
[Black "Born, Reiner"]
[Result "0-1"]
[WhiteElo "1863"]
[BlackElo "1949"]
[PlyCount "96"]
[EventDate "2014.10.19"]
[EventType "team-tourn"]
[EventRounds "9"]
[EventCountry "GER"]
[SourceTitle "EXT 2018"]
[Source "ChessBase"]
[SourceDate "2017.10.13"]
[SourceVersion "1"]
[SourceVersionDate "2017.10.13"]
[SourceQuality "1"]
[WhiteTeam "Bechhofen"]
[BlackTeam "Regensburg Bavaria"]
[WhiteTeamCountry "GER"]
[BlackTeamCountry "GER"]

1. d4 e6 2. c4 f5 3. Nc3 Nf6 4. g3 d5 5. Bg2 c6 6. Nf3 Bd6 7. b3 Qe7 8. e3 Nbd7 9. Bb2 0-0 10. Nd2 e5 11. dxe5 Nxe5 12. 0-0 dxc4 13. Nxc4 Nxc4 14. bxc4 Be6 15. Qa4 Qf7 16. Rfd1 Rfd8 17. Bf1 Bc5 18. Bd3 Ng4 19. Qc2 Ne5 20. Na4 Nxd3 21. Rxd3 Rxd3 22. Qxd3 Bxc4 23. Qc2 Bf8 24. Bd4 Bd5 25. Nc3 Bf3 26. Ne2 Be4 27. Qb3 Bd5 28. Qc2 g5 29. Nc3 Bf3 30. Qb2 c5 31. Be5 Re8 32. Nb5 Qd5 33. Bf6 Bh1 34. f3 Qxf3 35. Bxg5 Bg7 36. Qb3+ Kh8 37. Qc2 Bxa1 38. Nd6 Rf8 39. Bh6 Bg7 40. Bxg7+ Kxg7 41. Qb2+ Kg6 42. Nc4 Re8 43. Qd2 Qd5 44. Qe2 b5 45. Nd2 Rxe3 46. Qf2 Re1+ 47. Nf1 Qd4 48. Qxd4 cxd4 0-1

[Event "Regionalliga NO 0506"]
[Site "Bayern"]
[Date "2006.01.15"]
[Round "5.5"]
[White "Born, Reiner"]
[Black "Dietrich, Jochen"]
[Result "0-1"]
[WhiteElo "1949"]
[BlackElo "1974"]
[PlyCount "68"]
[EventDate "2005.10.23"]
[EventType "team-tourn"]
[EventRounds "9"]
[EventCountry "GER"]
[SourceTitle "EXT 2007"]
[Source "ChessBase"]
[SourceDate "2006.11.23"]
[SourceVersion "1"]
[SourceVersionDate "2006.11.23"]
[SourceQuality "1"]

1. d4 Nf6 2. Bf4 d6 3. e3 g6 4. Nf3 Bg7 5. Bd3 Nbd7 6. h3 0-0 7. 0-0 Re8 8. Bh2 e5 9. dxe5 dxe5 10. e4 c6 11. Nc3 Nh5 12. Re1 Nf4 13. Bf1 Qf6 14. b4 a5 15. b5 Rd8 16. Nd2 Nc5 17. Bxf4 exf4 18. e5 Qf5 19. Qe2 Qxc2 20. Nde4 Qxe2 21. Rxe2 Bxe5 22. Nxc5 Bxc3 23. Rc1 Bb4 24. b6 Kf8 25. f3 Rd5 26. Ne4 Kg7 27. Rec2 Bf5 28. Rc4 Rb5 29. Rd4 Rxb6 30. Nf2 Re8 31. Rxf4 Bd2 32. Rxf5 Bxc1 33. Rxa5 Re1 34. g3 Rb2 0-1

[Event "Regionalliga NO 0506"]
[Site "Bayern"]
[Date "2005.12.11"]
[Round "4.5"]
[White "Kotz, Reinhard"]
[Black "Born, Reiner"]
[Result "1/2-1/2"]
[WhiteElo "2064"]
[BlackElo "1949"]
[PlyCount "33"]
[EventDate "2005.10.23"]
[EventType "team-tourn"]
[EventRounds "9"]
[EventCountry "GER"]
[SourceTitle "EXT 2007"]
[Source "ChessBase"]
[SourceDate "2006.11.23"]
[SourceVersion "1"]
[SourceVersionDate "2006.11.23"]
[SourceQuality "1"]

1. f4 g6 2. Nf3 Bg7 3. e3 d5 4. Nc3 Nf6 5. b3 0-0 6. Bb2 c5 7. Ne5 Nc6 8. Nxc6 bxc6 9. Na4 Ne4 10. Bxg7 Kxg7 11. Bd3 Qd6 12. 0-0 f5 13. Qe2 Be6 14. Rfd1 Rab8 15. Rac1 Nf6 16. c4 Rfc8 17. Re1 1/2-1/2

[Event "Regionalliga NO 0304"]
[Site "Bayern"]
[Date "2004.01.18"]
[Round "5.4"]
[White "Wulfmeyer, Johannes"]
[Black "Born, Reiner"]
[Result "1-0"]
[WhiteElo "2068"]
[BlackElo "1974"]
[PlyCount "65"]
[EventDate "2003.10.??"]
[EventType "team-tourn"]
[EventRounds "9"]
[EventCountry "GER"]
[SourceTitle "EXT 2006"]
[Source "ChessBase"]
[SourceDate "2005.11.24"]
[SourceVersion "1"]
[SourceVersionDate "2005.11.24"]
[SourceQuality "1"]
[WhiteTeam "Nuernberg NT II"]
[BlackTeam "Regensburg Bavaria"]
[WhiteTeamCountry "GER"]
[BlackTeamCountry "GER"]

1. c4 e6 2. Nf3 f5 3. g3 Nf6 4. Bg2 d5 5. 0-0 c6 6. d3 Bd6 7. Nc3 0-0 8. e4 fxe4 9. dxe4 Bb4 10. exd5 exd5 11. cxd5 Bxc3 12. bxc3 Nxd5 13. Qb3 Qb6 14. Qc4 Qa6 15. Qd4 Qb6 16. Qh4 Bf5 17. Nd4 Bd3 18. Rd1 Bg6 19. c4 Nc3 20. Re1 Na6 21. Be3 c5 22. Ne2 Nxe2+ 23. Rxe2 Rad8 24. Ree1 Nb4 25. Red1 Rd3 26. Qe7 Qd8 27. Qxd8 Rfxd8 28. Rxd3 Nxd3 29. Bxb7 Bf7 30. Be4 Nb2 31. Bxc5 Nxc4 32. Bxa7 Nd2 33. Bg2 1-0

[Event "Regionalliga NO 0304"]
[Site "Bayern"]
[Date "2003.11.02"]
[Round "2.5"]
[White "Grossmann, Philipp"]
[Black "Born, Reiner"]
[Result "1/2-1/2"]
[WhiteElo "1907"]
[BlackElo "1974"]
[PlyCount "122"]
[EventDate "2003.10.??"]
[EventType "team-tourn"]
[EventRounds "9"]
[EventCountry "GER"]
[SourceTitle "EXT 2006"]
[Source "ChessBase"]
[SourceDate "2005.11.24"]
[SourceVersion "1"]
[SourceVersionDate "2005.11.24"]
[SourceQuality "1"]
[WhiteTeam "Kareth Lappersdorf"]
[BlackTeam "Regensburg Bavaria"]
[WhiteTeamCountry "GER"]
[BlackTeamCountry "GER"]

1. b4 g6 2. Bb2 Nf6 3. e3 Bg7 4. Nf3 0-0 5. c4 d6 6. d4 e6 7. Be2 Qe7 8. 0-0 Nbd7 9. Nbd2 e5 10. dxe5 dxe5 11. Qb3 e4 12. Ne1 Ne5 13. Nc2 Bg4 14. Bxg4 Nexg4 15. h3 Ne5 16. Bxe5 Qxe5 17. Nd4 g5 18. c5 g4 19. h4 Rfd8 20. Nc4 Qh5 21. g3 Nd5 22. Rad1 a6 23. a3 Ne7 24. Ne2 Nc6 25. Nf4 Qf5 26. Qc2 Ne5 27. Nxe5 Bxe5 28. Rxd8+ Rxd8 29. Rd1 Rxd1+ 30. Qxd1 Bxf4 31. exf4 Qc8 32. Qd5 Qe8 33. Qg5+ Kh8 34. Qxg4 e3 35. Qe2 exf2+ 36. Qxf2 Qd7 37. Qe3 Qd1+ 38. Kg2 Qd7 39. Kf2 Qd5 40. Ke2 Qa2+ 41. Kf3 Qd5+ 42. Kf2 Qa2+ 43. Kg1 Qb1+ 44. Kf2 Qa2+ 45. Kg1 Qb1+ 46. Kg2 Qc2+ 47. Kh3 Qf5+ 48. g4 Qd7 49. h5 Kg8 50. h6 Qc6 51. g5 Kf8 52. Qd3 Ke7 53. Kg3 Qe6 54. Qxh7 Qe3+ 55. Kg4 Qe2+ 56. Kg3 Qe3+ 57. Kg2 Qe2+ 58. Kg3 Qe3+ 59. Kg4 Qe2+ 60. Kh4 Qf2+ 61. Kg4 Qg2+ 1/2-1/2

[Event "Regionalliga NO 0001"]
[Site "Bayern"]
[Date "2001.03.11"]
[Round "7"]
[White "Konsek, Peter"]
[Black "Born, Reiner"]
[Result "1/2-1/2"]
[WhiteElo "2010"]
[BlackElo "1945"]
[PlyCount "82"]
[EventDate "2000.10.15"]
[EventType "team-tourn"]
[EventRounds "9"]
[EventCountry "GER"]
[SourceTitle "EXT 2020"]
[Source "ChessBase"]
[SourceDate "2019.10.17"]
[SourceVersion "1"]
[SourceVersionDate "2019.10.17"]
[SourceQuality "1"]
[WhiteTeam "Nuernberg Sued SW"]
[BlackTeam "Regensburg Bavaria"]
[WhiteTeamCountry "GER"]
[BlackTeamCountry "GER"]

1. e4 e6 2. d4 d5 3. Nc3 Bb4 4. e5 c5 5. a3 Bxc3+ 6. bxc3 Ne7 7. h4 Nbc6 8. h5 h6 9. Nf3 Qa5 10. Bd2 Qa4 11. dxc5 Qe4+ 12. Be2 Nxe5 13. Nxe5 Qxe5 14. 0-0 0-0 15. Bd3 Qc7 16. Qg4 Kh8 17. c4 e5 18. Qg3 Be6 19. Bc3 f6 20. cxd5 Nxd5 21. Bd2 Bf7 22. Qf3 Nf4 23. Bxf4 exf4 24. Rab1 Qxc5 25. Rxb7 Bd5 26. Rc7 Qxc7 27. Qxd5 Qe5 28. Qd7 Qxh5 29. Rb1 Rfd8 30. Qb7 Qe5 31. Rb5 Qe1+ 32. Kh2 Qxf2 33. Qe4 Qg3+ 34. Kh1 g6 35. Rh5 Rxd3 36. Qxa8+ Kg7 37. Qxa7+ Kf8 38. Qc5+ Kf7 39. cxd3 gxh5 40. Qxh5+ Ke7 41. Qf5 Qe1+ 1/2-1/2

[Event "Regionalliga NO 0001"]
[Site "Bayern"]
[Date "2000.10.15"]
[Round "1.6"]
[White "Born, Reiner"]
[Black "Mares, Vaclav"]
[Result "0-1"]
[WhiteElo "2010"]
[BlackElo "1945"]
[PlyCount "74"]
[EventDate "2000.10.15"]
[EventType "team-tourn"]
[EventRounds "9"]
[EventCountry "GER"]
[SourceTitle "EXT 2020"]
[Source "ChessBase"]
[SourceDate "2019.10.17"]
[SourceVersion "1"]
[SourceVersionDate "2019.10.17"]
[SourceQuality "1"]
[WhiteTeam "Regensburg Bavaria"]
[BlackTeam "Koetzting"]
[WhiteTeamCountry "GER"]
[BlackTeamCountry "GER"]

1. d4 Nf6 2. Nf3 d5 3. e3 Nbd7 4. Nbd2 c5 5. c3 e6 6. Ne5 Bd6 7. f4 Ne4 8. Qf3 Nxd2 9. Bxd2 Qb6 10. b3 0-0 11. Bd3 f5 12. 0-0 Nf6 13. Rfc1 Bd7 14. Nxd7 Nxd7 15. c4 cxd4 16. cxd5 e5 17. fxe5 Nxe5 18. Qe2 Ng4 19. Bxf5 dxe3 20. Be6+ Kh8 21. Be1 Nxh2 22. Bc3 Rf2 23. Qd3 Rd2 24. Qe4 Rf8 25. Kh1 Re2 26. Bd4 Qb4 27. Bxg7+ Kxg7 28. Rc7+ Kf6 29. Qxb4 Bxb4 30. Rxh7 Bd6 31. g4 Kg6 32. Rh3 Rff2 33. Bf5+ Kg5 34. Rh5+ Kf4 35. Bd3 Rd2 36. Rf5+ Kxg4 37. Rg1+ Bg3 0-1

[Event "Passau op 7th"]
[Site "Passau"]
[Date "1999.04.04"]
[Round "6"]
[White "Born, Reiner"]
[Black "Wimmer, Christian"]
[Result "1-0"]
[WhiteElo "1974"]
[BlackElo "1568"]
[PlyCount "35"]
[EventDate "1999.04.02"]
[EventType "swiss"]
[EventRounds "7"]
[EventCountry "GER"]
[SourceTitle "EXT 2000"]
[Source "ChessBase"]
[SourceDate "1999.11.16"]
[SourceVersion "1"]
[SourceVersionDate "1999.11.16"]
[SourceQuality "1"]

1. d4 e6 2. Nf3 c5 3. e3 d5 4. c3 Nf6 5. Bd3 cxd4 6. exd4 Bd6 7. Bg5 Nbd7 8. 0-0 0-0 9. Re1 Qc7 10. Qe2 b6 11. Ne5 Be7 12. Nd2 Bb7 13. Rac1 Rfc8 14. Nxf7 Kxf7 15. Qxe6+ Kf8 16. Qxe7+ Kg8 17. Bxf6 Nxf6 18. Bf5 1-0

[Event "Passau op 7th"]
[Site "Passau"]
[Date "1999.04.02"]
[Round "2"]
[White "Born, Reiner"]
[Black "Barthel, Ansgar"]
[Result "0-1"]
[WhiteElo "1975"]
[BlackElo "2216"]
[PlyCount "78"]
[EventDate "1999.04.02"]
[EventType "swiss"]
[EventRounds "7"]
[EventCountry "GER"]
[SourceTitle "EXT 2000"]
[Source "ChessBase"]
[SourceDate "1999.11.16"]
[SourceVersion "1"]
[SourceVersionDate "1999.11.16"]
[SourceQuality "1"]

1. d4 d5 2. Nf3 c5 3. e3 Nc6 4. c3 Bg4 5. h3 Bxf3 6. Qxf3 e6 7. Nd2 Nf6 8. Bd3 cxd4 9. exd4 Bd6 10. Qe2 0-0 11. Nf3 Qc7 12. 0-0 Rfc8 13. Re1 Nd7 14. Ng5 Nf8 15. Nf3 Ng6 16. Bxg6 hxg6 17. Ng5 Ne7 18. h4 Nf5 19. h5 gxh5 20. Qxh5 Nh6 21. Qh3 Bf4 22. g3 Bxc1 23. Raxc1 Qc4 24. a3 Qd3 25. Nxe6 fxe6 26. Qxe6+ Kh8 27. Qxd5 Rf8 28. Qe4 Qd2 29. Qe2 Qg5 30. Qe3 Qh5 31. Qe4 Ng4 32. Qh1 Qxh1+ 33. Kxh1 Nxf2+ 34. Kg2 Nd3 35. Rh1+ Kg8 36. Rc2 Rae8 37. Rd2 Ne1+ 38. Kh3 Rf6 39. Kg4 Re4+ 0-1

[Event "Passau op 6th"]
[Site "Passau"]
[Date "1998.04.12"]
[Round "5"]
[White "Plank, Peter"]
[Black "Born, Reiner"]
[Result "0-1"]
[WhiteElo "1780"]
[BlackElo "2049"]
[PlyCount "65"]
[EventDate "1998.04.10"]
[EventType "swiss"]
[EventRounds "7"]
[EventCountry "GER"]
[SourceTitle "EXT 1999"]
[Source "ChessBase"]
[SourceDate "1998.11.16"]
[SourceVersion "1"]
[SourceVersionDate "1998.11.16"]
[SourceQuality "1"]

1. e4 g6 2. d4 Bg7 3. Nf3 d6 4. Be2 Nc6 5. Bg5 h6 6. Be3 Bg4 7. Nc3 Bxf3 8. Bxf3 e5 9. dxe5 dxe5 10. Nd5 Nd4 11. c3 Nxf3+ 12. Qxf3 c6 13. Nb4 Qf6 14. Qe2 Qh4 15. Qc4 Nf6 16. 0-0-0 Qxe4 17. Bd4 Qf4+ 18. Kb1 exd4 19. Rhe1+ Kf8 20. Rxd4 Qf5+ 21. Kc1 Re8 22. Red1 h5 23. g3 Bh6+ 24. f4 c5 25. Rd5 Nxd5 26. Rxd5 Qe4 27. Qxc5+ Kg7 28. Rd2 Qe3 29. Qxe3 Rxe3 30. Rd7 Rhe8 31. Nd5 Re2 32. Rxb7 Rxh2 33. Rxa7 0-1

[Event "Passau op 6th"]
[Site "Passau"]
[Date "1998.04.11"]
[Round "3"]
[White "Rupp, Markus"]
[Black "Born, Reiner"]
[Result "1/2-1/2"]
[WhiteElo "2215"]
[BlackElo "2049"]
[PlyCount "88"]
[EventDate "1998.04.10"]
[EventType "swiss"]
[EventRounds "7"]
[EventCountry "GER"]
[SourceTitle "EXT 1999"]
[Source "ChessBase"]
[SourceDate "1998.11.16"]
[SourceVersion "1"]
[SourceVersionDate "1998.11.16"]
[SourceQuality "1"]

1. d4 g6 2. c4 Bg7 3. e4 d6 4. Nc3 Nc6 5. Be3 e5 6. d5 Nce7 7. Bd3 f5 8. exf5 Nxf5 9. Bxf5 Bxf5 10. g4 Bd7 11. h4 Nf6 12. f3 c5 13. h5 gxh5 14. g5 Ng8 15. Ne4 Qb6 16. Ne2 Ne7 17. b4 Qxb4+ 18. Bd2 Qb6 19. N2g3 Nf5 20. Rb1 Qa6 21. Nxf5 Bxf5 22. Rxb7 0-0 23. Qb3 Bg6 24. Ke2 Rf7 25. Rxf7 Bxf7 26. Kf2 Bg6 27. Nf6+ Bxf6 28. gxf6 Qc8 29. Qe3 Qf5 30. Qg5 Qxg5 31. Bxg5 Rb8 32. Re1 Rb4 33. Re3 a5 34. f4 e4 35. Rb3 a4 36. Rg3 Rb2+ 37. Ke1 Kf7 38. Bh4 Rh2 39. Bg5 Rxa2 40. f5 Bxf5 41. Bf4 Ra1+ 42. Kd2 Bg4 43. Bxd6 a3 44. Be5 Ra2+ 1/2-1/2

[Event "Oberpfalz-ch M1"]
[Site "Germany"]
[Date "1998.??.??"]
[Round "1"]
[White "Born, Reiner"]
[Black "Noeckler, Alexander"]
[Result "1-0"]
[WhiteElo "2055"]
[BlackElo "1940"]
[PlyCount "81"]
[EventDate "1998.??.??"]
[EventType "swiss"]
[EventRounds "8"]
[EventCountry "GER"]
[SourceTitle "EXT 2004"]
[Source "ChessBase"]
[SourceDate "2003.11.25"]
[SourceVersion "1"]
[SourceVersionDate "2003.11.25"]
[SourceQuality "1"]

1. d4 d5 2. Nf3 c6 3. e3 Nf6 4. Bd3 g6 5. Nbd2 Bg7 6. b3 b6 7. Bb2 Ba6 8. Qe2 Bxd3 9. cxd3 0-0 10. Ne5 Qd6 11. Rc1 Rc8 12. f4 Nbd7 13. e4 c5 14. Nxd7 Nxd7 15. e5 Qc6 16. 0-0 e6 17. Rc2 Qb7 18. Rfc1 Rc7 19. Nf3 Rac8 20. dxc5 bxc5 21. d4 c4 22. bxc4 Rxc4 23. Bc3 Qc6 24. Nd2 Ra4 25. Bb4 Qxc2 26. Rxc2 Rxc2 27. a3 Rc1+ 28. Kf2 Bf8 29. Qb5 Nb6 30. Bd6 Rxd4 31. Nf3 Rxf4 32. Kg3 Rfc4 33. h3 Bxd6 34. exd6 Rc6 35. Ne5 R1c5 36. Qf1 f5 37. Nxc6 Rxc6 38. Qf4 Nd7 39. Qg5 Nb6 40. Qe7 Nc8 41. Qe8+ 1-0